Welcome to CU Library Online Public Access Catalogue (OPAC)

Baker commentary on the Bible / (Record no. 7158)

MARC details
000 -LEADER
fixed length control field 00631cam a2200193 a 4500
001 - CONTROL NUMBER
control field 12270591
005 - DATE AND TIME OF LATEST TRANSACTION
control field 20250725090558.0
008 - FIXED-LENGTH DATA ELEMENTS--GENERAL INFORMATION
fixed length control field 010105r19892000miub b 000 0 eng d
020 ## - INTERNATIONAL STANDARD BOOK NUMBER
International Standard Book Number 0801022541
020 ## - INTERNATIONAL STANDARD BOOK NUMBER
International Standard Book Number 9780801022548
050 00 - LIBRARY OF CONGRESS CALL NUMBER
Classification number BS491.2
Item number .E93 2000
082 00 - DEWEY DECIMAL CLASSIFICATION NUMBER
Classification number 220.7
Edition information 21
245 00 - TITLE STATEMENT
Title Baker commentary on the Bible /
Statement of responsibility, etc. Walter A. Elwell, editor.
260 ## - PUBLICATION, DISTRIBUTION, ETC.
Place of publication, distribution, etc. Grand Rapids, Mich. :
Name of publisher, distributor, etc. Baker Books,
Date of publication, distribution, etc. 2000
300 ## - PHYSICAL DESCRIPTION
Extent xi, 1229 p. :
Other physical details maps ;
Dimensions 25 cm.
500 ## - GENERAL NOTE
General note Originally published: Evangelical commentary on the Bible. 1989, in series: Baker reference library.
700 1# - ADDED ENTRY--PERSONAL NAME
Personal name Elwell, Walter A.
942 ## - ADDED ENTRY ELEMENTS (KOHA)
Source of classification or shelving scheme Library of Congress Classification
Koha item type Books
Suppress in OPAC No
999 ## -
-- 7158
-- 7158
Holdings
Withdrawn status Lost status Source of classification or shelving scheme Damaged status Not for loan Collection Home library Current library Shelving location Date acquired Total checkouts Full call number Barcode Date last seen Copy number Price effective from Koha item type
    Library of Congress Classification     Reference Undergraduate Library (Christ Temple) Undergraduate Library (Christ Temple) General stacks 07/25/2025   REF BS491.2 BAK ulct00004146 07/25/2025 1 07/25/2025 Books
    Library of Congress Classification     Reference Undergraduate Library (Christ Temple) Undergraduate Library (Christ Temple) General stacks 07/25/2025   REF BS491.2 BAK ulct00004147 07/25/2025 2 07/25/2025 Books
© 2023-2024 Copyright: Central University Libraries. All Rights Reserved | Created by: Mahone Tech Office